Nutrición: curso programado

Guardat en:
Dades bibliogràfiques
Autors principals: Guthrie, Helen Andrews (Autor), Braddock, Karen Sue (Autor)
Autor corporatiu: AID (Autor), Agencia para el Desarrollo Internacional (Autor)
Format: Llibre
Idioma:espanyol
Publicat: Ciudad de México Pax-México 1973
Matèries:
Etiquetes: Afegir etiqueta
Sense etiquetes, Sigues el primer a etiquetar aquest registre!

MARC

LEADER 00000nam a2200000 a 4500
001 UCR5351
003 CL-VaPUC
008 980327e19731000MX |||||||||||||||||spa|d
082 0 4 |a 641.1  |b GUT  |2 21 
100 |a Guthrie, Helen Andrews  |e author  |9 596106 
700 0 |a Braddock, Karen Sue  |e author  |9 406172 
110 2 |a AID  |e author  |9 406173 
710 2 |a Agencia para el Desarrollo Internacional  |e author  |9 406174 
245 1 0 |a Nutrición: curso programado 
300 |a 286 p 
942 |c BK 
945 |d 19980327 00:00:00  |a crobeson 
260 |a Ciudad de México  |b Pax-México  |c 1973 
650 0 |a Nutrición   |9 259434 
650 0 |a Alimentación  |9 334197 
650 7 |a RECURSOS ALIMENTARIOS  |2 CL-VaPUC  |9 406175 
650 7 |a CARBOHIDRATOS  |2 CL-VaPUC  |9 306793 
650 7 |a PROTEINAS  |2 CL-VaPUC  |9 406176 
650 0 |a Lípidos   |9 306890 
650 0 |a Vitaminas  |9 343802 
650 0 |a Minerales   |9 264051 
583 |a last modification  |c 19980327 00:00:00  |k Rodrigo Vera 
999 |c 267961  |d 267959 
952 |0 0  |1 0  |4 0  |6 641_100000000000000_GUT_1973  |7 0  |8 A  |9 300810  |a BIBALI  |b BIBALI  |c GEN  |d 2019-11-20  |i 1973533  |o 641.1 GUT 1973  |p 1973533  |r 2025-01-20  |w 2019-11-20  |y BK  |k ALI